00428nam a2200145Ia 4500100001800000942000700018654002000025245005100045260002800096082001500124300000800139546001200147999001700159952010600176 aDanilevsky/V  cBK aLaboratory work aLaboratory work for courses in mfg. engieering bMir PublishersaMoscow a621.8bDan a228 aENGLISH c34806d34806 001040708AFTaCRCEbCRCEc1453 | 48d2023-03-17l0o621.8 DanpAFT2447r2023-03-17w2023-03-17yBK